[Event "Russian Championship (Blitz, Men)"]
[Site "Sochi"]
[Date "2018.10.07"]
[Round "7.13"]
[White "Triapishko, Alexandr"]
[Black "Potapov, Pavel"]
[Result "1-0"]
[BlackElo "2459"]
[WhiteElo "2560"]
[LiveChessVersion "1.4.8"]

1. e4 {[%clk 0:03:03]} c5 {[%clk 0:03:03]} 2. Nf3 {[%clk 0:03:03]} Nc6
{[%clk 0:03:04]} 3. Nc3 {[%clk 0:02:59]} e5 {[%clk 0:03:04]} 4. Bc4
{[%clk 0:02:56]} Be7 {[%clk 0:03:05]} 5. d3 {[%clk 0:02:56]} d6 {[%clk 0:03:04]}
6. Nd2 {[%clk 0:02:47]} Nf6 {[%clk 0:03:05]} 7. Nf1 {[%clk 0:02:47]} Nd7
{[%clk 0:03:06]} 8. a3 {[%clk 0:02:30]} O-O {[%clk 0:03:04]} 9. Ne3
{[%clk 0:02:30]} Nb6 {[%clk 0:03:04]} 10. Ba2 {[%clk 0:02:31]} Bg5
{[%clk 0:03:01]} 11. O-O {[%clk 0:02:25]} Be6 {[%clk 0:03:00]} 12. Ncd5
{[%clk 0:02:04]} Bxe3 {[%clk 0:02:51]} 13. fxe3 {[%clk 0:01:41]} Bxd5
{[%clk 0:02:41]} 14. exd5 {[%clk 0:01:32]} Ne7 {[%clk 0:02:41]} 15. e4
{[%clk 0:01:32]} f5 {[%clk 0:02:27]} 16. b4 {[%clk 0:01:17]} cxb4
{[%clk 0:01:59]} 17. axb4 {[%clk 0:01:17]} f4 {[%clk 0:01:54]} 18. c4
{[%clk 0:01:07]} Ng6 {[%clk 0:01:55]} 19. Qg4 {[%clk 0:00:59]} Qd7
{[%clk 0:01:45]} 20. Qxd7 Nxd7 {[%clk 0:01:46]} 21. Bb3 {[%clk 0:00:51]} a6
{[%clk 0:00:55]} 22. Bd2 {[%clk 0:00:46]} Rfc8 {[%clk 0:00:53]} 23. g3
{[%clk 0:00:36]} fxg3 {[%clk 0:00:45]} 24. hxg3 {[%clk 0:00:38]} Rf8
{[%clk 0:00:44]} 25. Be3 {[%clk 0:00:30]} Rac8 {[%clk 0:00:35]} 26. Bd1
{[%clk 0:00:24]} Rxf1+ {[%clk 0:00:31]} 27. Kxf1 {[%clk 0:00:25]} Nf6
{[%clk 0:00:33]} 28. c5 {[%clk 0:00:23]} Kf7 {[%clk 0:00:30]} 29. Kg2
{[%clk 0:00:17]} Ke7 {[%clk 0:00:29]} 30. Be2 {[%clk 0:00:15]} h6
{[%clk 0:00:26]} 31. b5 {[%clk 0:00:09]} axb5 {[%clk 0:00:13]} 32. Ra7
{[%clk 0:00:10]} dxc5 {[%clk 0:00:11]} 33. Rxb7+ {[%clk 0:00:11]} Nd7
{[%clk 0:00:10]} 34. Bg4 {[%clk 0:00:07]} Ngf8 {[%clk 0:00:11]} 35. Rxb5
{[%clk 0:00:07]} Kd6 {[%clk 0:00:12]} 36. Ra5 {[%clk 0:00:07]} Rb8
{[%clk 0:00:11]} 37. Ra6+ {[%clk 0:00:08]} Rb6 {[%clk 0:00:11]} 38. Rxb6+
{[%clk 0:00:06]} Nxb6 {[%clk 0:00:12]} 39. Bc1 {[%clk 0:00:06]} Nfd7
{[%clk 0:00:12]} 40. Kf3 {[%clk 0:00:06]} Nf6 {[%clk 0:00:12]} 41. Be6
{[%clk 0:00:07]} g5 {[%clk 0:00:11]} 42. Bd2 {[%clk 0:00:07]} Na4
{[%clk 0:00:07]} 43. Ba5 {[%clk 0:00:07]} Nb2 {[%clk 0:00:07]} 44. Ke2
{[%clk 0:00:08]} h5 {[%clk 0:00:07]} 45. Bd8 {[%clk 0:00:08]} Ng4
{[%clk 0:00:08]} 46. Bxg5 {[%clk 0:00:07]} c4 {[%clk 0:00:09]} 47. dxc4 Nxc4
{[%clk 0:00:10]} 48. Bc1 {[%clk 0:00:06]} Kc5 {[%clk 0:00:08]} 49. Bf7
{[%clk 0:00:05]} Nf6 {[%clk 0:00:09]} 50. Bg6 {[%clk 0:00:05]} Kd4
{[%clk 0:00:10]} 51. Kf3 {[%clk 0:00:05]} Kd3 {[%clk 0:00:08]} 52. Bg5
{[%clk 0:00:05]} Nd7 {[%clk 0:00:07]} 53. Bxh5 {[%clk 0:00:05]} Nc5
{[%clk 0:00:07]} 54. Bg6 {[%clk 0:00:06]} Nd6 {[%clk 0:00:08]} 55. Be7
{[%clk 0:00:06]} Ndb7 {[%clk 0:00:05]} 56. Bxc5 {[%clk 0:00:06]} Nxc5
{[%clk 0:00:07]} 57. Bf5 {[%clk 0:00:07]} Kxe4+ 58. Kxe4 1-0

[Event "Russian Championship (Blitz, Men)"]
[Site "Sochi"]
[Date "2018.10.07"]
[Round "7.22"]
[White "Gogolev, Artem"]
[Black "Demchenko, Anton"]
[Result "1/2-1/2"]
[BlackElo "2646"]
[WhiteElo "2360"]
[LiveChessVersion "1.4.8"]

1. Nf3 {[%clk 0:03:02]} Nf6 {[%clk 0:03:04]} 2. g3 {[%clk 0:03:02]} g6
{[%clk 0:03:04]} 3. b3 {[%clk 0:03:02]} Bg7 {[%clk 0:03:06]} 4. Bb2
{[%clk 0:03:03]} d6 {[%clk 0:03:07]} 5. d4 {[%clk 0:03:04]} O-O {[%clk 0:03:08]}
6. Bg2 {[%clk 0:03:04]} Nbd7 {[%clk 0:03:10]} 7. O-O {[%clk 0:03:04]} Re8
{[%clk 0:03:11]} 8. Nbd2 {[%clk 0:02:57]} e5 {[%clk 0:02:58]} 9. dxe5
{[%clk 0:02:57]} dxe5 {[%clk 0:02:59]} 10. e4 {[%clk 0:02:52]} b6
{[%clk 0:02:59]} 11. Re1 {[%clk 0:02:42]} Bb7 {[%clk 0:02:37]} 12. a4
{[%clk 0:02:26]} a6 {[%clk 0:02:37]} 13. Nc4 {[%clk 0:02:15]} Bxe4
{[%clk 0:02:25]} 14. Nfxe5 {[%clk 0:02:04]} Bxg2 {[%clk 0:02:18]} 15. Kxg2
{[%clk 0:02:00]} Nxe5 {[%clk 0:02:15]} 16. Nxe5 {[%clk 0:01:44]} Qd5+
{[%clk 0:01:42]} 17. Qf3 {[%clk 0:01:32]} Qxf3+ {[%clk 0:01:30]} 18. Nxf3
{[%clk 0:01:21]} Nd5 {[%clk 0:01:31]} 19. Bxg7 Kxg7 20. Rad1 {[%clk 0:00:38]}
Red8 {[%clk 0:01:10]} 21. Rd4 {[%clk 0:00:24]} c5 {[%clk 0:01:10]} 22. Rd2
{[%clk 0:00:20]} Nb4 {[%clk 0:01:11]} 23. Red1 {[%clk 0:00:18]} Rxd2
{[%clk 0:01:11]} 24. Rxd2 {[%clk 0:00:19]} Rc8 {[%clk 0:00:55]} 25. Rd6
{[%clk 0:00:13]} Rc6 {[%clk 0:00:50]} 26. Rxc6 {[%clk 0:00:12]} Nxc6
{[%clk 0:00:51]} 27. Kf1 {[%clk 0:00:13]} Kf6 {[%clk 0:00:46]} 28. Ke2
{[%clk 0:00:14]} Kf5 {[%clk 0:00:42]} 29. h3 {[%clk 0:00:11]} h6 {[%clk 0:00:43]}
30. Ke3 {[%clk 0:00:11]} Nb4 {[%clk 0:00:39]} 31. c3 {[%clk 0:00:07]} Nc6
{[%clk 0:00:40]} 32. Nd2 {[%clk 0:00:07]} Na5 {[%clk 0:00:23]} 33. Nc4
{[%clk 0:00:05]} Nxc4+ {[%clk 0:00:13]} 34. bxc4 {[%clk 0:00:06]} g5
{[%clk 0:00:13]} 35. g4+ {[%clk 0:00:07]} Ke5 {[%clk 0:00:15]} 36. Kf3
{[%clk 0:00:07]} f5 {[%clk 0:00:14]} 37. Ke3 {[%clk 0:00:06]} f4+
{[%clk 0:00:14]} 38. Kd3 {[%clk 0:00:07]} Kd6 {[%clk 0:00:12]} 39. Ke4
{[%clk 0:00:06]} Ke6 {[%clk 0:00:13]} 40. f3 {[%clk 0:00:06]} a5 {[%clk 0:00:14]}
41. Kd3 {[%clk 0:00:07]} Ke5 {[%clk 0:00:15]} 42. Ke4+ 1/2-1/2

[Event "Russian Championship (Blitz, Men)"]
[Site "Sochi"]
[Date "2018.10.07"]
[Round "7.24"]
[White "Fakhrutdinov, Timur"]
[Black "Alekseev, Evgeny"]
[Result "1/2-1/2"]
[BlackElo "2629"]
[WhiteElo "2344"]
[LiveChessVersion "1.4.8"]

1. e4 {[%clk 0:03:03]} c5 {[%clk 0:03:03]} 2. Nf3 {[%clk 0:03:04]} e6
{[%clk 0:03:04]} 3. d4 {[%clk 0:03:05]} cxd4 {[%clk 0:03:04]} 4. Nxd4
{[%clk 0:03:06]} Nc6 {[%clk 0:03:05]} 5. Nc3 {[%clk 0:03:06]} a6 {[%clk 0:03:06]}
6. Be3 {[%clk 0:03:04]} Nf6 {[%clk 0:03:06]} 7. f4 {[%clk 0:02:58]} Bb4
{[%clk 0:03:06]} 8. Bd3 {[%clk 0:02:20]} e5 {[%clk 0:03:06]} 9. Nxc6
{[%clk 0:02:10]} dxc6 {[%clk 0:03:07]} 10. f5 {[%clk 0:02:09]} Nxe4
{[%clk 0:03:07]} 11. Bxe4 {[%clk 0:01:55]} Bxc3+ {[%clk 0:03:07]} 12. Ke2
{[%clk 0:01:40]} Bxb2 {[%clk 0:03:00]} 13. Qxd8+ {[%clk 0:01:32]} Kxd8
{[%clk 0:03:01]} 14. Bb6+ {[%clk 0:01:31]} Ke7 {[%clk 0:03:01]} 15. Rad1
{[%clk 0:01:28]} Bd4 {[%clk 0:02:35]} 16. Bxd4 {[%clk 0:01:18]} exd4
{[%clk 0:02:36]} 17. Rxd4 {[%clk 0:01:18]} Kf6 {[%clk 0:02:08]} 18. Rhd1
{[%clk 0:00:41]} Re8 {[%clk 0:01:47]} 19. Kf3 {[%clk 0:00:39]} Bxf5
{[%clk 0:00:48]} 20. Bxf5 {[%clk 0:00:39]} Kxf5 {[%clk 0:00:49]} 21. Rd7
{[%clk 0:00:39]} Kg6 {[%clk 0:00:46]} 22. R1d6+ {[%clk 0:00:27]} f6
{[%clk 0:00:28]} 23. Rxb7 {[%clk 0:00:27]} Rab8 {[%clk 0:00:25]} 24. Ke4 1/2-1/2

[Event "Russian Championship (Blitz, Men)"]
[Site "Sochi"]
[Date "2018.10.07"]
[Round "7.32"]
[White "Taysayev, Timur"]
[Black "Belyakov, Bogdan"]
[Result "0-1"]
[BlackElo "2464"]
[WhiteElo "2253"]
[LiveChessVersion "1.4.8"]

1. e4 {[%clk 0:03:03]} e5 {[%clk 0:03:04]} 2. Nf3 {[%clk 0:03:04]} Nc6
{[%clk 0:03:05]} 3. Bb5 {[%clk 0:03:05]} Nf6 {[%clk 0:03:06]} 4. d3
{[%clk 0:03:04]} Bc5 {[%clk 0:03:07]} 5. Bg5 {[%clk 0:02:59]} h6 {[%clk 0:03:07]}
6. Be3 {[%clk 0:02:59]} Bxe3 {[%clk 0:02:54]} 7. fxe3 {[%clk 0:03:00]} d6
{[%clk 0:02:54]} 8. O-O {[%clk 0:02:42]} Bd7 {[%clk 0:02:55]} 9. c4
{[%clk 0:02:41]} O-O {[%clk 0:02:52]} 10. Nc3 {[%clk 0:02:42]} Nh7
{[%clk 0:02:44]} 11. Bxc6 {[%clk 0:02:36]} bxc6 {[%clk 0:02:45]} 12. Qe1
{[%clk 0:02:29]} c5 {[%clk 0:02:41]} 13. Qh4 {[%clk 0:02:20]} Qxh4
{[%clk 0:02:37]} 14. Nxh4 {[%clk 0:02:20]} c6 {[%clk 0:02:38]} 15. Nf5
{[%clk 0:02:18]} Bxf5 {[%clk 0:02:39]} 16. Rxf5 {[%clk 0:02:19]} f6
{[%clk 0:02:39]} 17. b3 {[%clk 0:02:07]} Ng5 {[%clk 0:02:35]} 18. h4
{[%clk 0:01:59]} Ne6 {[%clk 0:02:36]} 19. g4 {[%clk 0:01:57]} Rfd8
{[%clk 0:02:33]} 20. Kf1 {[%clk 0:01:54]} Kf7 {[%clk 0:02:30]} 21. Ke2
{[%clk 0:01:54]} Ke7 {[%clk 0:02:31]} 22. Rff1 {[%clk 0:01:36]} Rh8
{[%clk 0:02:31]} 23. h5 {[%clk 0:01:31]} Rhd8 {[%clk 0:02:29]} 24. Rh1
{[%clk 0:01:30]} Nc7 {[%clk 0:02:28]} 25. Rac1 {[%clk 0:01:24]} a5
{[%clk 0:02:28]} 26. Na4 {[%clk 0:01:24]} Rab8 {[%clk 0:02:29]} 27. Rb1
{[%clk 0:01:22]} Na6 {[%clk 0:02:29]} 28. Rb2 {[%clk 0:01:05]} Rb4
{[%clk 0:02:20]} 29. Kf3 {[%clk 0:00:55]} Rdb8 {[%clk 0:02:19]} 30. Rc2
{[%clk 0:00:55]} Nc7 {[%clk 0:02:15]} 31. Kg3 {[%clk 0:00:52]} Ne6
{[%clk 0:02:15]} 32. Rf1 {[%clk 0:00:49]} Rd8 {[%clk 0:01:54]} 33. Rd1
{[%clk 0:00:45]} Rb7 {[%clk 0:01:52]} 34. Rh1 {[%clk 0:00:45]} Nc7
{[%clk 0:01:53]} 35. Rf1 {[%clk 0:00:45]} Na6 {[%clk 0:01:54]} 36. Rh1
{[%clk 0:00:42]} Nb4 {[%clk 0:01:54]} 37. Rd2 {[%clk 0:00:43]} Rbb8
{[%clk 0:01:42]} 38. Rhd1 {[%clk 0:00:42]} Na6 {[%clk 0:01:34]} 39. Rf1
{[%clk 0:00:40]} Rd7 {[%clk 0:01:34]} 40. Rfd1 {[%clk 0:00:40]} Rdb7
{[%clk 0:01:34]} 41. d4 {[%clk 0:00:38]} cxd4 {[%clk 0:01:15]} 42. exd4
{[%clk 0:00:39]} c5 {[%clk 0:00:40]} 43. d5 {[%clk 0:00:29]} Rb4 {[%clk 0:00:38]}
44. Rf1 {[%clk 0:00:29]} Kd7 {[%clk 0:00:37]} 45. Rc1 {[%clk 0:00:30]} Kc7
{[%clk 0:00:38]} 46. Rf1 {[%clk 0:00:31]} Rxa4 {[%clk 0:00:38]} 47. bxa4
{[%clk 0:00:32]} Rb4 {[%clk 0:00:39]} 48. Rc1 {[%clk 0:00:32]} Rxa4
{[%clk 0:00:40]} 49. Rc3 {[%clk 0:00:29]} Rb4 {[%clk 0:00:38]} 50. Kf3
{[%clk 0:00:28]} a4 {[%clk 0:00:38]} 51. Ke3 {[%clk 0:00:28]} Rb1
{[%clk 0:00:38]} 52. Kf2 {[%clk 0:00:21]} Kb6 {[%clk 0:00:39]} 53. Rcc2
{[%clk 0:00:21]} Nb4 {[%clk 0:00:35]} 54. Rb2 {[%clk 0:00:22]} Ra1
{[%clk 0:00:36]} 55. Ke3 {[%clk 0:00:21]} Ka5 {[%clk 0:00:37]} 56. Re2
{[%clk 0:00:21]} a3 {[%clk 0:00:36]} 57. Rbd2 {[%clk 0:00:21]} Rc1
{[%clk 0:00:34]} 58. g5 {[%clk 0:00:15]} hxg5 {[%clk 0:00:34]} 59. h6
{[%clk 0:00:16]} Rc3+ {[%clk 0:00:35]} 60. Kf2 {[%clk 0:00:17]} gxh6
{[%clk 0:00:35]} 61. Kg2 {[%clk 0:00:18]} Nd3 {[%clk 0:00:35]} 62. Re3
{[%clk 0:00:17]} Nf4+ {[%clk 0:00:36]} 63. Kf3 {[%clk 0:00:19]} Kb4
{[%clk 0:00:34]} 64. Rxc3 Kxc3 {[%clk 0:00:35]} 65. Rh2 {[%clk 0:00:12]} h5
{[%clk 0:00:37]} 66. Ke3 {[%clk 0:00:11]} Kxc4 {[%clk 0:00:35]} 67. Rc2+
{[%clk 0:00:11]} Kb4 {[%clk 0:00:36]} 68. Kd2 {[%clk 0:00:12]} h4
{[%clk 0:00:36]} 69. Ke3 {[%clk 0:00:13]} g4 {[%clk 0:00:37]} 70. Kd4 0-1

[Event "Russian Championship (Blitz, Men)"]
[Site "Sochi"]
[Date "2018.10.07"]
[Round "8.13"]
[White "Potapov, Pavel"]
[Black "Triapishko, Alexandr"]
[Result "1/2-1/2"]
[BlackElo "2560"]
[WhiteElo "2459"]
[LiveChessVersion "1.4.8"]

1. Nf3 {[%clk 0:03:03]} Nf6 {[%clk 0:03:02]} 2. g3 {[%clk 0:03:03]} g6
{[%clk 0:02:54]} 3. Bg2 {[%clk 0:03:04]} Bg7 {[%clk 0:02:56]} 4. O-O
{[%clk 0:03:04]} O-O {[%clk 0:02:57]} 5. d3 {[%clk 0:03:05]} c5 {[%clk 0:02:51]}
6. e4 {[%clk 0:03:03]} Nc6 {[%clk 0:02:50]} 7. Nbd2 {[%clk 0:03:02]} d6
{[%clk 0:02:44]} 8. Re1 {[%clk 0:03:02]} Rb8 {[%clk 0:02:42]} 9. Nf1
{[%clk 0:03:01]} b5 {[%clk 0:02:37]} 10. c3 {[%clk 0:02:52]} b4 {[%clk 0:02:28]}
11. d4 {[%clk 0:02:50]} bxc3 {[%clk 0:02:20]} 12. bxc3 {[%clk 0:02:51]} cxd4
{[%clk 0:02:08]} 13. cxd4 {[%clk 0:02:52]} Ba6 {[%clk 0:02:07]} 14. h3
{[%clk 0:02:39]} Nd7 {[%clk 0:01:47]} 15. Ne3 {[%clk 0:02:27]} Nc5
{[%clk 0:01:25]} 16. Nc2 {[%clk 0:01:57]} Nd3 {[%clk 0:00:52]} 17. Re3
{[%clk 0:01:58]} Nxc1 {[%clk 0:00:51]} 18. Rxc1 {[%clk 0:01:59]} Bh6
{[%clk 0:00:50]} 19. Ra3 {[%clk 0:01:42]} Be2 {[%clk 0:00:48]} 20. Qxe2
{[%clk 0:01:36]} Bxc1 {[%clk 0:00:49]} 21. Rc3 {[%clk 0:01:28]} Na5
{[%clk 0:00:38]} 22. d5 {[%clk 0:01:20]} Bb2 {[%clk 0:00:33]} 23. Re3
{[%clk 0:01:16]} Qb6 {[%clk 0:00:31]} 24. e5 {[%clk 0:01:12]} Qb5
{[%clk 0:00:21]} 25. Qxb5 {[%clk 0:00:44]} Rxb5 {[%clk 0:00:22]} 26. Nfd4
{[%clk 0:00:44]} Rc5 {[%clk 0:00:16]} 27. exd6 {[%clk 0:00:32]} exd6
{[%clk 0:00:17]} 28. Re2 {[%clk 0:00:33]} Nc4 {[%clk 0:00:08]} 29. Nc6
{[%clk 0:00:30]} a5 {[%clk 0:00:08]} 30. f4 {[%clk 0:00:26]} Na3 {[%clk 0:00:06]}
31. Ne3 {[%clk 0:00:14]} Bg7 {[%clk 0:00:07]} 32. f5 {[%clk 0:00:13]} Nc4
{[%clk 0:00:05]} 33. Nxc4 {[%clk 0:00:12]} Rxc4 {[%clk 0:00:06]} 34. Kh2
{[%clk 0:00:11]} gxf5 {[%clk 0:00:05]} 35. Ne7+ {[%clk 0:00:12]} Kh8
{[%clk 0:00:07]} 36. Nxf5 {[%clk 0:00:13]} Be5 {[%clk 0:00:08]} 37. Bf3
{[%clk 0:00:06]} Rfc8 {[%clk 0:00:09]} 38. Kg2 {[%clk 0:00:06]} Rc2
{[%clk 0:00:10]} 39. Ne3 {[%clk 0:00:07]} Rxe2+ {[%clk 0:00:10]} 40. Bxe2
{[%clk 0:00:08]} Rc3 {[%clk 0:00:11]} 41. Nc4 {[%clk 0:00:08]} Bxg3
{[%clk 0:00:08]} 42. Nxa5 {[%clk 0:00:07]} Bf4 {[%clk 0:00:07]} 43. Nc4
{[%clk 0:00:08]} Rc2 {[%clk 0:00:08]} 44. Kf3 {[%clk 0:00:08]} Rxa2
{[%clk 0:00:07]} 45. Kxf4 {[%clk 0:00:09]} Rxe2 {[%clk 0:00:08]} 46. Nxd6
{[%clk 0:00:11]} Kg7 {[%clk 0:00:08]} 47. Ne4 {[%clk 0:00:08]} Kf8
{[%clk 0:00:06]} 48. d6 {[%clk 0:00:10]} Ke8 {[%clk 0:00:05]} 49. Nf6+
{[%clk 0:00:11]} Kd8 {[%clk 0:00:07]} 50. Nxh7 {[%clk 0:00:11]} Kd7
{[%clk 0:00:06]} 51. Ng5 {[%clk 0:00:12]} f6 {[%clk 0:00:05]} 52. Ne4
{[%clk 0:00:12]} Ke6 {[%clk 0:00:04]} 53. d7 {[%clk 0:00:11]} Kxd7
{[%clk 0:00:03]} 54. Nxf6+ {[%clk 0:00:12]} Ke6 {[%clk 0:00:05]} 55. Ne4
{[%clk 0:00:13]} Ra2 {[%clk 0:00:06]} 56. Nc5+ {[%clk 0:00:10]} Kf6
{[%clk 0:00:06]} 57. Ne4+ {[%clk 0:00:11]} Kg6 {[%clk 0:00:08]} 58. Ke5
{[%clk 0:00:11]} Rh2 {[%clk 0:00:08]} 59. Kf4 {[%clk 0:00:11]} Rxh3
{[%clk 0:00:09]} 60. Ke5 {[%clk 0:00:12]} Rf3 {[%clk 0:00:09]} 61. Kd4
{[%clk 0:00:09]} Kf5 {[%clk 0:00:10]} 62. Nd6+ {[%clk 0:00:10]} Ke6
{[%clk 0:00:11]} 63. Ne4 {[%clk 0:00:10]} Rf4 {[%clk 0:00:13]} 64. Ke3
{[%clk 0:00:09]} Ke5 {[%clk 0:00:14]} 65. Nd2 {[%clk 0:00:09]} Ra4
{[%clk 0:00:15]} 66. Nf3+ {[%clk 0:00:10]} Kd5 {[%clk 0:00:17]} 67. Nd2
{[%clk 0:00:07]} Ra3+ {[%clk 0:00:18]} 68. Kf4 {[%clk 0:00:08]} Rd3
{[%clk 0:00:17]} 69. Nf3 {[%clk 0:00:08]} Ke6 {[%clk 0:00:18]} 70. Ke4
{[%clk 0:00:09]} Ra3 {[%clk 0:00:18]} 71. Nd4+ {[%clk 0:00:10]} Kf6
{[%clk 0:00:20]} 72. Kd5 {[%clk 0:00:10]} Ra8 {[%clk 0:00:20]} 73. Ke4
{[%clk 0:00:11]} Rd8 {[%clk 0:00:21]} 74. Nf3 {[%clk 0:00:11]} Re8+
{[%clk 0:00:21]} 75. Kf4 {[%clk 0:00:11]} Ke6 {[%clk 0:00:21]} 76. Ke4
{[%clk 0:00:12]} Rh8 {[%clk 0:00:21]} 77. Nd4+ {[%clk 0:00:13]} Kd6
{[%clk 0:00:21]} 78. Nf5+ {[%clk 0:00:13]} Kc5 {[%clk 0:00:23]} 79. Ke5
{[%clk 0:00:13]} Rh1 {[%clk 0:00:23]} 80. Ke4 {[%clk 0:00:13]} Re1+
{[%clk 0:00:24]} 81. Ne3 {[%clk 0:00:14]} Re2 {[%clk 0:00:23]} 82. Kd3
{[%clk 0:00:15]} Rf2 {[%clk 0:00:22]} 83. Ke4 {[%clk 0:00:15]} Kd6
{[%clk 0:00:23]} 84. Nf5+ {[%clk 0:00:16]} Ke6 {[%clk 0:00:25]} 85. Nd4+ Kf6 86.
Nf3 {[%clk 0:00:17]} Ra2 {[%clk 0:00:26]} 87. Nd4 {[%clk 0:00:17]} Ra4
{[%clk 0:00:27]} 88. Kd5 {[%clk 0:00:18]} Ke5+ 1/2-1/2

[Event "Russian Championship (Blitz, Men)"]
[Site "Sochi"]
[Date "2018.10.07"]
[Round "9.21"]
[White "Potapov, Pavel"]
[Black "Rozum, Ivan"]
[Result "1/2-1/2"]
[BlackElo "2595"]
[WhiteElo "2459"]
[LiveChessVersion "1.4.8"]

1. e4 {[%clk 0:03:03]} d6 {[%clk 0:03:03]} 2. d4 {[%clk 0:03:03]} Nf6
{[%clk 0:03:04]} 3. Nc3 {[%clk 0:03:04]} g6 {[%clk 0:03:05]} 4. f4
{[%clk 0:03:05]} Bg7 {[%clk 0:03:05]} 5. Nf3 {[%clk 0:03:05]} c5 {[%clk 0:03:05]}
6. dxc5 {[%clk 0:03:06]} Qa5 {[%clk 0:03:06]} 7. Qd4 {[%clk 0:03:06]} Nc6
{[%clk 0:02:52]} 8. Qc4 {[%clk 0:03:06]} O-O {[%clk 0:02:47]} 9. Qb5
{[%clk 0:02:35]} Qc7 {[%clk 0:02:37]} 10. cxd6 {[%clk 0:02:33]} exd6
{[%clk 0:02:38]} 11. Bd3 {[%clk 0:02:23]} a6 {[%clk 0:02:36]} 12. Qg5
{[%clk 0:02:20]} Qb6 {[%clk 0:02:11]} 13. Qg3 {[%clk 0:02:03]} Re8
{[%clk 0:01:25]} 14. Qf2 {[%clk 0:01:52]} Qxf2+ {[%clk 0:01:20]} 15. Kxf2
{[%clk 0:01:52]} b5 {[%clk 0:01:22]} 16. Re1 {[%clk 0:01:41]} Bb7
{[%clk 0:01:22]} 17. a3 {[%clk 0:01:39]} Na5 {[%clk 0:01:14]} 18. h3
{[%clk 0:01:34]} Rac8 {[%clk 0:01:15]} 19. e5 {[%clk 0:01:21]} dxe5
{[%clk 0:01:14]} 20. Nxe5 {[%clk 0:01:20]} Nd5 {[%clk 0:01:04]} 21. Nxd5
{[%clk 0:01:18]} Bxd5 {[%clk 0:01:05]} 22. Bd2 {[%clk 0:01:12]} Nb7
{[%clk 0:00:46]} 23. Bb4 {[%clk 0:00:50]} Red8 {[%clk 0:00:22]} 24. Rad1
{[%clk 0:00:45]} g5 {[%clk 0:00:11]} 25. fxg5 {[%clk 0:00:40]} a5
{[%clk 0:00:12]} 26. Be7 {[%clk 0:00:40]} Re8 {[%clk 0:00:12]} 27. Bf6
{[%clk 0:00:37]} Nd6 {[%clk 0:00:11]} 28. Ng4 {[%clk 0:00:28]} Be4
{[%clk 0:00:08]} 29. c3 {[%clk 0:00:17]} Bxd3 {[%clk 0:00:08]} 30. Rxd3
{[%clk 0:00:17]} Ne4+ {[%clk 0:00:09]} 31. Kf1 {[%clk 0:00:17]} Bf8
{[%clk 0:00:04]} 32. Rde3 {[%clk 0:00:18]} Nd2+ {[%clk 0:00:04]} 33. Ke2
{[%clk 0:00:14]} Nc4 {[%clk 0:00:05]} 34. Rxe8 {[%clk 0:00:04]} Rxe8+
{[%clk 0:00:07]} 35. Kf1 {[%clk 0:00:05]} Rxe1+ {[%clk 0:00:06]} 36. Kxe1
{[%clk 0:00:06]} Nxb2 {[%clk 0:00:07]} 37. Kd2 {[%clk 0:00:05]} Nc4+
{[%clk 0:00:08]} 38. Kc2 {[%clk 0:00:05]} Nxa3+ {[%clk 0:00:09]} 39. Kb2
{[%clk 0:00:05]} Nc4+ {[%clk 0:00:10]} 40. Ka2 {[%clk 0:00:06]} Bg7
{[%clk 0:00:09]} 41. h4 {[%clk 0:00:06]} Nd6 {[%clk 0:00:09]} 42. h5
{[%clk 0:00:06]} Ne4 {[%clk 0:00:10]} 43. Kb3 {[%clk 0:00:04]} Bxf6
{[%clk 0:00:08]} 44. gxf6 {[%clk 0:00:05]} Kf8 {[%clk 0:00:10]} 45. c4
{[%clk 0:00:05]} b4 {[%clk 0:00:08]} 46. Ne3 {[%clk 0:00:05]} Nc5+
{[%clk 0:00:09]} 47. Kb2 {[%clk 0:00:06]} a4 {[%clk 0:00:09]} 48. Nd5
{[%clk 0:00:07]} b3 {[%clk 0:00:09]} 49. g4 {[%clk 0:00:07]} Nd3+
{[%clk 0:00:07]} 50. Ka3 {[%clk 0:00:08]} Nf2 {[%clk 0:00:06]} 51. g5
{[%clk 0:00:08]} Ne4 {[%clk 0:00:08]} 52. Ne3 {[%clk 0:00:05]} Nxg5
{[%clk 0:00:07]} 53. Nd1 {[%clk 0:00:06]} Ne4 {[%clk 0:00:07]} 54. Kxa4
{[%clk 0:00:07]} Nxf6 {[%clk 0:00:08]} 55. Kxb3 {[%clk 0:00:08]} Nxh5
{[%clk 0:00:09]} 56. c5 {[%clk 0:00:09]} Ke7 {[%clk 0:00:10]} 57. Kc4
{[%clk 0:00:10]} Nf4 {[%clk 0:00:10]} 58. Kd4 {[%clk 0:00:10]} Ne6+
{[%clk 0:00:10]} 59. Kd5 {[%clk 0:00:11]} h5 {[%clk 0:00:11]} 60. Nf2
{[%clk 0:00:10]} f5 {[%clk 0:00:10]} 61. Ke5 {[%clk 0:00:11]} Nxc5
{[%clk 0:00:09]} 62. Ke4 1/2-1/2

[Event "Russian Championship (Blitz, Men)"]
[Site "Sochi"]
[Date "2018.10.07"]
[Round "11.7"]
[White "Antipov, Mikhail Al."]
[Black "Sychev, Klementy"]
[Result "1-0"]
[BlackElo "2638"]
[WhiteElo "2491"]
[LiveChessVersion "1.4.8"]

1. e4 {[%clk 0:03:04]} e5 {[%clk 0:03:04]} 2. Nf3 {[%clk 0:03:04]} Nc6
{[%clk 0:03:05]} 3. d4 {[%clk 0:03:06]} exd4 {[%clk 0:03:06]} 4. Nxd4
{[%clk 0:03:07]} Nf6 {[%clk 0:03:06]} 5. Nxc6 {[%clk 0:03:08]} bxc6
{[%clk 0:03:07]} 6. e5 {[%clk 0:03:09]} Qe7 {[%clk 0:03:09]} 7. Qe2
{[%clk 0:03:10]} Nd5 {[%clk 0:03:10]} 8. b3 {[%clk 0:03:11]} g6 {[%clk 0:02:59]}
9. c4 {[%clk 0:03:10]} Ba6 {[%clk 0:02:46]} 10. f4 {[%clk 0:02:48]} d6
{[%clk 0:02:46]} 11. Qd2 {[%clk 0:02:29]} Nb6 {[%clk 0:02:13]} 12. Be2
{[%clk 0:01:59]} Bg7 {[%clk 0:02:08]} 13. Bb2 {[%clk 0:01:12]} dxe5
{[%clk 0:02:02]} 14. fxe5 {[%clk 0:00:49]} Bxe5 {[%clk 0:01:55]} 15. Bxe5
{[%clk 0:00:45]} Qxe5 {[%clk 0:01:56]} 16. Qc3 {[%clk 0:00:46]} Nd7
{[%clk 0:01:41]} 17. Qxe5+ {[%clk 0:00:14]} Nxe5 {[%clk 0:01:42]} 18. Nc3
{[%clk 0:00:15]} O-O {[%clk 0:01:40]} 19. O-O-O {[%clk 0:00:16]} Rad8
{[%clk 0:01:35]} 20. Ne4 {[%clk 0:00:11]} Bc8 {[%clk 0:01:35]} 21. Nc5
{[%clk 0:00:08]} Kg7 {[%clk 0:01:25]} 22. Rhe1 {[%clk 0:00:08]} Rd6
{[%clk 0:01:23]} 23. Kc2 {[%clk 0:00:07]} Rfd8 {[%clk 0:01:21]} 24. Kc3
{[%clk 0:00:08]} f5 {[%clk 0:01:14]} 25. g3 {[%clk 0:00:05]} Kf6 {[%clk 0:01:13]}
26. Na4 {[%clk 0:00:05]} g5 {[%clk 0:01:02]} 27. Rf1 {[%clk 0:00:04]} Rxd1
{[%clk 0:01:02]} 28. Bxd1 {[%clk 0:00:05]} h6 {[%clk 0:00:47]} 29. Nc5 Nf7
{[%clk 0:00:30]} 30. Bh5 {[%clk 0:00:06]} Nd6 {[%clk 0:00:30]} 31. a3
{[%clk 0:00:04]} Ke5 {[%clk 0:00:28]} 32. Re1+ {[%clk 0:00:04]} Ne4+
{[%clk 0:00:29]} 33. Kb4 {[%clk 0:00:02]} Rd2 {[%clk 0:00:23]} 34. Bf3
{[%clk 0:00:04]} Rxh2 {[%clk 0:00:08]} 35. Nxe4 {[%clk 0:00:04]} fxe4
{[%clk 0:00:09]} 36. Bxe4 {[%clk 0:00:06]} Kd4 {[%clk 0:00:09]} 37. Bxc6
{[%clk 0:00:04]} Rh3 {[%clk 0:00:08]} 38. Re7 {[%clk 0:00:03]} Rxg3
{[%clk 0:00:08]} 39. Rxc7 {[%clk 0:00:04]} Bf5 {[%clk 0:00:09]} 40. Rxa7
{[%clk 0:00:05]} Bc2 {[%clk 0:00:10]} 41. Ba4 {[%clk 0:00:05]} h5
{[%clk 0:00:09]} 42. c5 {[%clk 0:00:05]} h4 {[%clk 0:00:09]} 43. c6
{[%clk 0:00:06]} Rf3 {[%clk 0:00:07]} 44. Rd7+ {[%clk 0:00:06]} Ke3
{[%clk 0:00:07]} 45. c7 {[%clk 0:00:08]} Rf4+ {[%clk 0:00:03]} 46. Kc3
{[%clk 0:00:07]} Bf5 {[%clk 0:00:04]} 47. c8=Q {[%clk 0:00:07]} h3
{[%clk 0:00:03]} 48. Qc5+ {[%clk 0:00:07]} Kf3 {[%clk 0:00:03]} 49. Bc6+
{[%clk 0:00:08]} Kg3 {[%clk 0:00:04]} 50. Qg1+ {[%clk 0:00:08]} Kh4
{[%clk 0:00:04]} 51. Rd6 {[%clk 0:00:08]} g4 {[%clk 0:00:05]} 52. Qe3
{[%clk 0:00:07]} Kg5 {[%clk 0:00:03]} 53. Qe7+ {[%clk 0:00:07]} Kh5
{[%clk 0:00:04]} 54. Be8+ {[%clk 0:00:07]} 1-0